Logo BPK

Bibliografia Prac Pracowników

Politechniki Koszalińskiej

Zastosowanie optycznej spektroskopii emisyjnej do kontroli procesu magnetronowego nanoszenia cienkich warstw TiN / (Rekord nr 8063)

Szczegóły MARC
000 -ETYKIETA REKORDU
podpole kontrolne o stałej długości 01179naa a22002177a 4500
001 - NUMER KONTROLNY REKORDU
podpole kontrolne 8063
003 - IDENTYFIKATOR NUMERU KONTROLNEGO REKORDU
podpole kontrolne KOSZ 005
005 - DATA OSTATNIEJ MODYFIKACJI REKORDU
podpole kontrolne 20180502102212.0
008 - POLE O STAŁEJ DŁUGOŚCI - DANE KONTROLNE
podpole kontrolne o stałej długości 170315b1998 Pl ||||| |||| 10| 0 pol
040 ## - ŹRÓDŁO KATALOGOWANIA
Instytucja, która utworzyła rekord BPK
Instytucja, która dokonała modyfikacji KOSZ 005/EG
100 1# - NAZWA OSOBOWA
Nazwa osobowa GULBIŃSKI, Witold.
Lata pracy 1996 - .
Instytucja Politechnika Koszalińska - Wydział Mechaniczny,
Wydział Katedra Fizyki
245 10 - TYTUŁ/ODPOWIEDZIALNOŚĆ
Tytuł Zastosowanie optycznej spektroskopii emisyjnej do kontroli procesu magnetronowego nanoszenia cienkich warstw TiN /
Pozostałe elementy strefy tytułu i oznaczenia odpowiedzialności W. Gulbiński, R. Kazimierowicz, J. Staśkiewicz, B. Warcholiński.
650 #0 - HASŁO PRZEDMIOTOWE W FORMIE NAZWY OGÓLNEJ LUB JEDNOSTKOWEJ
Nazwa ogólna lub geograficzna Spektroskopia.
655 #0 - TERMIN INDEKSOWY - OKREŚLENIE RODZAJU/FORMY DOKUMENTU
Określnie rodzaju/formy dokumentu Materiały konferencyjne.
700 1# - HASŁO DODATKOWE - NAZWA OSOBOWA
Nazwa osobowa KAZIMIEROWICZ, Ryszard.
Instytucja Politechnika Koszalińska - Wydział Mechaniczny,
Wydział Katedra Fizyki
700 1# - HASŁO DODATKOWE - NAZWA OSOBOWA
Nazwa osobowa STAŚKIEWICZ, Jan.
Lata pracy 1973 - .
Instytucja Politechnika Koszalińska - Wydział Mechaniczny,
Wydział Katedra Fizyki
700 1# - HASŁO DODATKOWE - NAZWA OSOBOWA
Nazwa osobowa WARCHOLIŃSKI, Bogdan.
Lata pracy 1996 - .
Instytucja Politechnika Koszalińska - Wydział Mechaniczny,
Wydział Katedra Fizyki
711 22 - HASŁO DODATKOWE - NAZWA IMPREZY
Nazwa imprezy Szkoła Letnia Mielno'98
Oznaczenie części/sekcji dzieła (10 ;
Data imprezy 1998 ;
Miejsce imprezy Mielno, Polska).
773 0# - TYTUŁ DOKUMENTU MACIERZYSTEGO
Wyrażenie wprowadzające W :
Tytuł 10 th International Summer School, Modern Plasma and Surface Technology. -
Informacje dotyczące relacji 1998, s. 185-190
942 ## - HASŁO DODATKOWE - ELEMENTY(KOHA)
Typ dokumentu Rozdział
Schemat klasyfikacji Uniwersalna klasyfikacja dziesiętna

Brak dostępnych egzemplarzy.

© 2014 Biblioteka Politechniki Koszalińskiej :: BIBLIOGRAFIA PRAC PRACOWNIKÓW